Normal view
MARC view
Entry Topical Term
001 - CONTROL NUMBER
- control field: 48021
003 - CONTROL NUMBER IDENTIFIER
- control field: OSt
005 - DATE AND TIME OF LATEST TRANSACTION
- control field: 20241003163924.0
008 - FIXED-LENGTH DATA ELEMENTS
- fixed length control field: 241003|| aca||aabn | a|a d
040 ## - CATALOGING SOURCE
- Original cataloging agency: OSt
- Transcribing agency: OSt
150 ## - HEADING--TOPICAL TERM
- Topical term or geographic name entry element: Sexual harassment , Women , Cyber space
670 ## - SOURCE DATA FOUND
- Source citation: Work cat.: (OSt)524723: Ranjan, Radha and Gulati, Jivantika 48020, The sexual harassment against women in cyber space: Concept, reality and the law
